Big shed briefing (Record no. 116125)

MARC details
000 -LEADER
fixed length control field 01464cas a2200289 4500
001 - CONTROL NUMBER
control field L159821
008 - FIXED-LENGTH DATA ELEMENTS--GENERAL INFORMATION
fixed length control field 110824c2018 eng u
035 ## - SYSTEM CONTROL NUMBER
System control number (Sirsi) u159821
041 0# - LANGUAGE CODE
Language code of text/sound track or separate title eng
050 ## - LIBRARY OF CONGRESS CALL NUMBER
Classification number 333.33 $2 18
110 2# - MAIN ENTRY--CORPORATE NAME
Corporate name or jurisdiction name as entry element Savills
9 (RLIN) 2020
245 00 - TITLE STATEMENT
Title Big shed briefing
Medium [electronic resource]
260 ## - PUBLICATION, DISTRIBUTION, ETC.
Place of publication, distribution, etc. London
Name of publisher, distributor, etc. Savills
Date of publication, distribution, etc. 2018
490 #0 - SERIES STATEMENT
Series statement Savills Research Industrial and Logistics
520 ## - SUMMARY, ETC.
Summary, etc. Savills Research industrial and logistics sector reports provide in depth insight, helping provide investors, landlord, occupiers and developers with clear and informed market analysis of the big shed and multi-let industrial markets.
650 24 - SUBJECT ADDED ENTRY--TOPICAL TERM
Topical term or geographic name entry element SAVILLS UK LOGISTICS
650 24 - SUBJECT ADDED ENTRY--TOPICAL TERM
Topical term or geographic name entry element MARKET ANALYSIS
650 24 - SUBJECT ADDED ENTRY--TOPICAL TERM
Topical term or geographic name entry element INDUSTRIAL MARKET
651 #4 - SUBJECT ADDED ENTRY--GEOGRAPHIC NAME
Geographic name United Kingdom
Chronological subdivision
690 ## - LOCAL SUBJECT ADDED ENTRY--TOPICAL TERM (OCLC, RLIN)
Topical term or geographic name as entry element PROPERTY-COMMERCIAL PROPERTY-COMMERCIAL PROPERTY FINANCE AND INVESTMENT
690 ## - LOCAL SUBJECT ADDED ENTRY--TOPICAL TERM (OCLC, RLIN)
Topical term or geographic name as entry element PROPERTY-COMMERCIAL PROPERTY-COMMERCIAL PROPERTY MARKET
700 1# - ADDED ENTRY--PERSONAL NAME
Personal name Sullivan, Richard
856 40 - ELECTRONIC LOCATION AND ACCESS
Uniform Resource Identifier <a href="https://www.savills.com/research/uk-research.aspx">https://www.savills.com/research/uk-research.aspx</a>
Public note View the report free of charge (type industrial and highlight United Kingdom in the Find a report box) at www.savills.com
856 40 - ELECTRONIC LOCATION AND ACCESS
Uniform Resource Identifier <a href="https://www.savills.co.uk/research_articles/173927/226936-0">https://www.savills.co.uk/research_articles/173927/226936-0</a>
Public note View Big shed overview article at www.savills.co.uk
856 40 - ELECTRONIC LOCATION AND ACCESS
Uniform Resource Identifier <a href="https://pdf.euro.savills.co.uk/uk/commercial---other/big-shed-briefing----january-2018.pdf">https://pdf.euro.savills.co.uk/uk/commercial---other/big-shed-briefing----january-2018.pdf</a>
Public note View the full document at www.savills.co.uk
942 ## - ADDED ENTRY ELEMENTS (KOHA)
Suppress in OPAC 0
Holdings
Withdrawn status Lost status Source of classification or shelving scheme Damaged status Not for loan Home library Current library Shelving location Date acquired Total Checkouts Full call number Barcode Date last seen Copy number Price effective from Koha item type
    Dewey Decimal Classification     Virtual Virtual Online 27/02/2018   ONLINE PUBLICATION 159821-2001 06/08/2019 1 06/08/2019 Book